000 00444nam a2200157Ia 4500
008 220204s9999 xx 000 0 und d
082 _a678.023.3
_bCHE
100 _aCheremisinoff, Nicholas P
245 0 _aPolymer mixing and extrusion technology
260 _aNew York
_bMarcel Dekker
_c1987
490 _aPlastics Engineering 16
650 _aPlastics extrusion
650 _aPlastics mixing
650 _aRubber compounding
942 _cBK
999 _c41490
_d41490